Kafka (Registo nº 866)

Detalhes MARC
000 -Etiqueta do registo
Cabeçalho 00916cam a2200337 i 4500
005 - Identificador da versão
Campo de controlo 20240813121817.0
010 ## - Número internacional normalizado dos livros (ISBN)
Número (ISBN) 972201742X
021 ## - Número do Depósito Legal
Código do país PT
Número 146511/00
035 ## - Other System Control Numbers
System Control Number 0000934
System Control Number 0000927
System Control Number 0000913
100 ## - Dados gerais de processamento
Dados gerais de processamento 20000111d2000 em y0pory5003 ba
102 ## - Pais de publicação ou produção
País de publicação Portugal
101 1# - Língua de publicação
Língua do texto, banda sonora, etc. Português
Língua do documento no original Inglês
106 ## - Campo de dados codificados: material textual
Dados codificados do material textual r
105 ## - Campo de dados codificados: livros
Dados codificados dos livros a z 000yy
215 ## - Descrição física 
Indicação específica da natureza do documento e extensão da espécie 178 p.
Outras indicações físicas il.
Dimensões 21 cm
200 1# - Titulo e menção de responsabilidade
Título próprio Kafka
Informação de outro título para principiantes
Primeira menção de responsabilidade David Zane Mairowitz, Robert Crumb
225 2# - Colecção 
Título próprio da colecção Para principiantes
Indicação de volume 32
205 ## - Menção da edição
Menção da edição 1ª ed
210 ## - Publicação, Distribuição, etc. 
Lugar da edição, distribuição, etc. Lisboa
Nome do editor, distribuidor, etc. Dom Quixote
Data da publicação, distribuição, etc. 2000
304 ## - Notas relativas a título e menção de responsabilidade 
Texto da nota Tít. orig.: Kafka for beginners
675 ## - Classificação Decimal Universal (CDU)
Notação 821.112.2 Kafka, Franz
Edição BN
Língua da edição por
Notação 929Kafka, Franz
Edição BN
Língua da edição por
701 ## - Nome de autor-pessoa física (co-responsabilidade principal)
Palavra de ordem Crumb
Outra parte do nome não tomada para palavra de ordem Robert
Código de função Autor / Co-autor
700 ## - Nome de autor-pessoa física (responsabilidade principal)
Número de registo de entrada de autoridade 0001136
Palavra de ordem Mairowitz
Outra parte do nome não tomada para palavra de ordem David Z.
966 ## - Identificação da Biblioteca
Sigla NUMETECA
942 ## - Elementos de entrada adicionados (Koha)
Tipo de item no Koha Livro
Exemplares
Situação do levantamento Origin of item (home branch) (coded) Biblioteca de empréstimo Código de barras Cota Circulation type (not for loan) Tipo de documento Nota do exemplar Damaged status
  Biblioteca Escolar Eng. Nuno Mergulhão Biblioteca Escolar Eng. Nuno Mergulhão BENM1560 8EST MAI   Livro Sem mensagem